00644nam a2200229 a 4500001001300000003000900013005001700022008004100039020001000080082001700090100002200107245001300129260004000142300000800182500003500190650002000225700002200245902000800267942000700275952011700282999001500399nice12345678IN_TiNIC20260116012109.0080116s1903 bana grp 000 0 per  ac10000a491.555bALI aAli, Munshi Hasan aNarbadan aBangalore bGovernment Press c1903 a72p aincludes index and biblioraphy aPersian Grammar1 aAli, Munshi Hasan bRHR cBK 001040708ReferHall-aHMIbHMId2008-01-16g100.00l0o491.555 ALIp07980r2008-01-16v100.00w2008-01-16yBK c5627d5627